000 00353 a2200157 4500
003 Nust
005 20170207153532.0
040 _cNust
082 _a891.439
100 _aAmjid, Rasheed
245 _aPakistani Adab
_cRasheed Amjad
260 _aRawalpindi
_bSir Syed College
300 _a792:p
538 _aAlmirah No.64 Shelf No.6
650 _aUrdu Adab
942 _2ddc
_cBK
999 _c188045
_d188045